000 00277nam a2200121Ia 4500
008 220204s9999 xx 000 0 und d
082 _a678.763.2
_bMUR
100 _aMurray, D C
245 0 _aNeoprenes
260 _aDelaware
_bDupont
_c1964
700 _aThompson
942 _cBK
999 _c23251
_d23251